Základné makroekonomické proporcie vývoja ekonomiky Slovenska v roku 2000 z pohľadu podnikov
Salvato in:
| Autore principale: | |
|---|---|
| Altri autori: | , |
| Natura: | Libro |
| Lingua: | slovacco |
| Pubblicazione: |
Bratislava
Slovenská obchodná a priemyselná komora
2000
|
| Soggetti: | |
| Tags: |
Nessun Tag, puoi essere il primo ad aggiungerne!!
|
MARC
| LEADER | 00000nam a2200000 4500 | ||
|---|---|---|---|
| 001 | c117498 | ||
| 005 | 20221123133849.3 | ||
| 020 | |a 80-85588-82-X | ||
| 041 | 0 | |a slo | |
| 044 | |a SK | ||
| 245 | 1 | 0 | |a Základné makroekonomické proporcie vývoja ekonomiky Slovenska v roku 2000 z pohľadu podnikov |c Pavol Kárász, Juraj Borovský, Pavol Kárász ml. |
| 264 | 1 | |a Bratislava |b Slovenská obchodná a priemyselná komora |c 2000 | |
| 300 | |a 72 s. | ||
| 610 | 2 | 0 | |a vývoj hospodársky |
| 610 | 2 | 0 | |a makroekonomika |
| 610 | 2 | 0 | |a ukazovatele ekonomické |
| 610 | 2 | 0 | |a podnik |
| 610 | 2 | 0 | |a produkt domáci hrubý |
| 610 | 2 | 0 | |a vzťahy hospodárske vonkajšie |
| 610 | 2 | 0 | |a obsluha |
| 610 | 2 | 0 | |a peniaze |
| 610 | 2 | 0 | |a ceny |
| 610 | 2 | 0 | |a vývoj cenový |
| 610 | 2 | 0 | |a rozpočty |
| 610 | 2 | 0 | |a dopyt spotrebiteľský |
| 610 | 2 | 0 | |a zamestnanosť |
| 610 | 2 | 0 | |a trh práce |
| 610 | 2 | 0 | |a výsledok hospodársky |
| 610 | 2 | 0 | |a prognózy |
| 610 | 2 | 0 | |a Slovensko |
| 610 | 2 | 0 | |a 2000 |
| 100 | 1 | |a Kárász, Pavol | |
| 700 | 1 | |a Borovský, Juraj | |
| 700 | 1 | |a Kárász, Pavol, ml. | |